Statistics for World cup 1990 teams

Click here to take the quiz!

General Stats

  • This quiz has been taken 743 times
  • The average score is 20 of 24

Answer Stats

Hint Answer % Correct
GROUP AItaly
98%
GROUP BArgentina
98%
GROUP CBrazil
96%
GROUP FEngland
95%
GROUP DWest Germany
95%
GROUP AUnited States
92%
GROUP BCameroon
88%
GROUP ESpain
88%
GROUP FNetherlands
88%
GROUP CSweden
88%
GROUP FIreland
85%
GROUP EUruguay
81%
GROUP EBelgium
81%
GROUP DYugoslavia
81%
GROUP DColombia
80%
GROUP FEgypt
80%
GROUP ESouth Korea
79%
GROUP BSoviet Union
77%
GROUP CScotland
74%
GROUP BRomania
73%
GROUP AAustria
73%
GROUP ACzechoslovakia
71%
GROUP CCosta Rica
67%
GROUP DUnited Arab Emirates
52%

Score Distribution

Percentile by Number Answered

Percent of People with Each Score

Your Score History

You have not taken this quiz